|
|
|
|
| LEADER |
00000nab a2200000 a 4500 |
| 001 |
vtls000146146 |
| 003 |
SK-MaSNL |
| 005 |
20260305010718.0 |
| 008 |
111104c1983 xo 0 slo |
| 015 |
|
|
|a SNBRB19rr/mm-uuuuu
|
| 035 |
|
|
|a CL0156253
|
| 040 |
|
|
|a SNKBUCL
|b slo
|c SNKBUCL
|e AACR2
|
| 041 |
0 |
|
|a slo
|
| 044 |
|
|
|a xo
|c SK
|
| 080 |
|
|
|a 1 100.112
|2 1981
|
| 080 |
|
|
|a 929 Marx, Karl
|2 1981
|
| 100 |
1 |
|
|a Bobok, Jozef,
|d 1930-2008
|4 aut
|9 170523
|
| 245 |
1 |
0 |
|a V. I. Lenin: "Neustále sa radiť s Marxom"
|b revolučný odkaz Karola Marxa a súčasnosť
|c Jozef Bobok
|
| 600 |
1 |
7 |
|a Marx, Karl,
|d 1818-1883
|2 snkbucl
|9 102765
|
| 655 |
|
7 |
|a články z novín a časopisov
|2 snkbucl
|9 267496
|
| 773 |
0 |
|
|t Pravda
|g Roč. 64, č. 61 (14. 3. 1983), s. 3
|
| 850 |
|
|
|a Slovenská národná knižnica v Martine
|a MTA001
|
| 852 |
|
|
|a SNK
|b KIS3GCP
|
| 958 |
|
|
|a RK
|
| 992 |
|
|
|a RBX
|
| 999 |
|
|
|c 3248213
|d 3250143
|